<?xml version="1.0" encoding="UTF-8"?><?xml-stylesheet type="text/xsl" href="static/style.xsl"?><OAI-PMH xmlns="http://www.openarchives.org/OAI/2.0/" xmlns:xsi="http://www.w3.org/2001/XMLSchema-instance" xsi:schemaLocation="http://www.openarchives.org/OAI/2.0/ http://www.openarchives.org/OAI/2.0/OAI-PMH.xsd"><responseDate>2026-06-01T09:55:26Z</responseDate><request verb="GetRecord" identifier="oai:riuma.uma.es:10630/8270" metadataPrefix="marc">https://riuma.uma.es/rest/oai/request</request><GetRecord><record><header><identifier>oai:riuma.uma.es:10630/8270</identifier><datestamp>2026-02-03T12:38:33Z</datestamp><setSpec>com_10630_2254</setSpec><setSpec>col_10630_37957</setSpec></header><metadata><record xmlns="http://www.loc.gov/MARC21/slim" xmlns:dcterms="http://purl.org/dc/terms/" xmlns:doc="http://www.lyncode.com/xoai" xmlns:xsi="http://www.w3.org/2001/XMLSchema-instance" xsi:schemaLocation="http://www.loc.gov/MARC21/slim http://www.loc.gov/standards/marcxml/schema/MARC21slim.xsd">
   <leader>00925njm 22002777a 4500</leader>
   <datafield ind2=" " ind1=" " tag="042">
      <subfield code="a">dc</subfield>
   </datafield>
   <datafield ind2=" " ind1=" " tag="720">
      <subfield code="a">Castro-Travé, Margarita</subfield>
      <subfield code="e">author</subfield>
   </datafield>
   <datafield ind2=" " ind1=" " tag="260">
      <subfield code="c">2014</subfield>
   </datafield>
   <datafield ind2=" " ind1=" " tag="520">
      <subfield code="a">La realidad de nuestras aulas refleja la convivencia, unas veces pacífica y otras más conflictivas, de alumnado inmigrante y autóctono. El objetivo fundamental de esta investigación ha sido estudiar y analizar la percepción de apoyo social en el alumnado por parte de las principales fuentes de apoyo (padres, iguales y profesorado) y su relación con el sentido de comunidad, el clima social del centro escolar y la violencia escolar. Para ello, se llevó a cabo el estudio con alumnado de una localidad de la provincia de Málaga en los que conviven alumnado autóctono y alumnado inmigrante. La muestra total estuvo compuesta de 711 chicos y 669 chicas de edades comprendidas entre los 12 y 18 años y un total de 58 profesores. Los resultados obtenidos indican que el apoyo proporcionado por sus padres, por sus compañeros/as y por el profesorado se relaciona con un aumento del sentido de comunidad y del clima social del centro escolar, así como con una disminución de la violencia escolar.</subfield>
   </datafield>
   <datafield ind1="8" ind2=" " tag="024">
      <subfield code="a">http://hdl.handle.net/10630/8270</subfield>
   </datafield>
   <datafield tag="653" ind2=" " ind1=" ">
      <subfield code="a">Estudiantes - Aspectos sociales - Tesis doctorales</subfield>
   </datafield>
   <datafield ind2="0" ind1="0" tag="245">
      <subfield code="a">Influencia del apoyo social y el sentido de comunidad sobre el clima social y la violencia escolar en un contexto educativo intercultural</subfield>
   </datafield>
</record>
</metadata></record></GetRecord></OAI-PMH>